=LDR 00000nam 2200000 4500 =001 INLIS000000000019025 =005 20130612114132 =008 ***********************************Ind** =035 ##$$0010-061300000019025 =041 ##$$a Ind =082 ##$$a 028.8 =090 ##$$a 028.8, Bru t =100 ##$$a Brunelli, Roberto =245 ##$$a 366 kisah alkitab, Paulus dipenjarakan di Filipina, Roberto Brunelli ; diterjemahka, Esther S. Mandjani =260 ##$$a 1996 $b Bogor =300 ##$$a ...jil, ilus, 19 cm =650 ##$$a Bacaan anak-anak =700 ##$$a Saputra Lyndon =850 ##$$a NBPNMAT